000 00296nam a22001337a 4500
008 171027b xxu||||| |||| 00| 0 eng d
020 _a9780471191346
041 _aeng
080 _27 ED
_a336
100 _a56
101 _a336
245 _aTHE STCK MARKET
_cTEWELES.R.J
942 _2udc
_cBK
999 _c36172
_d36172